Onji tali radd sadi (Record no. 214820)
[ view plain ]
| 000 -LEADER | |
|---|---|
| fixed length control field | 00632nam a2200217Ia 4500 |
| 003 - CONTROL NUMBER IDENTIFIER | |
| control field | OSt |
| 005 - DATE AND TIME OF LATEST TRANSACTION | |
| control field | 20250918102504.0 |
| 008 - FIXED-LENGTH DATA ELEMENTS--GENERAL INFORMATION | |
| fixed length control field | 210719s1985 xx 000 0 und d |
| 040 ## - CATALOGING SOURCE | |
| Transcribing agency | AL |
| 041 ## - LANGUAGE CODE | |
| Language code of text/sound track or separate title | Tulu |
| 082 ## - DEWEY DECIMAL CLASSIFICATION NUMBER | |
| Classification number | T894.2 ANAB |
| 100 ## - MAIN ENTRY--PERSONAL NAME | |
| Personal name | ANANDA (Pa Kra) |
| Dates associated with a name | ಆನಂದ (ಪಾ ಕ್ರಾ) |
| 9 (RLIN) | 239288 |
| 245 ## - TITLE STATEMENT | |
| Title | Onji tali radd sadi |
| Remainder of title | ಒಂಜಿ ತಾಳಿ ರಡ್ದ್ ಸಾದಿ |
| 260 ## - PUBLICATION, DISTRIBUTION, ETC. | |
| Place of publication, distribution, etc. | Panja |
| Date of publication, distribution, etc. | 1985 |
| 300 ## - PHYSICAL DESCRIPTION | |
| Extent | 31 |
| Other physical details | PB |
| 365 ## - TRADE PRICE | |
| Price amount | 5 |
| Currency code | Rs |
| 650 ## - SUBJECT ADDED ENTRY--TOPICAL TERM | |
| Topical term or geographic name entry element | Tulu Drama |
| 9 (RLIN) | 239289 |
| 650 ## - SUBJECT ADDED ENTRY--TOPICAL TERM | |
| Topical term or geographic name entry element | ತುಳು ನಾಟಕ |
| 9 (RLIN) | 239290 |
| 906 ## - LOCAL DATA ELEMENT F, LDF (RLIN) | |
| a | drama ; Onji ; radd ; sadi ; tali ; Tulu |
| 942 ## - ADDED ENTRY ELEMENTS (KOHA) | |
| Source of classification or shelving scheme | Dewey Decimal Classification |
| Koha item type | Book |
| Withdrawn status | Lost status | Source of classification or shelving scheme | Damaged status | Not for loan | Collection code | Home library | Current library | Date acquired | Cost, normal purchase price | Total Checkouts | Full call number | Barcode | Date last seen | Price effective from | Koha item type | Public note |
|---|---|---|---|---|---|---|---|---|---|---|---|---|---|---|---|---|
| Dewey Decimal Classification | Tulu | St Aloysius Library | St Aloysius Library | 05/31/2008 | 5.00 | T894.2 ANAB | D03434 | 07/19/2021 | 07/19/2021 | Donated Books | Donated by Dr Mahalinga Bhat |